000 00217nam a2200097 i 4500
020 _a9788119474745
110 _aTeam VOCO
245 _aWood Polisher
260 _aIndia
_bThe Vocational Company
_c2018
082 _a720 TEA
999 _c18874
_d18874